Lord of the Rings: Movie Quotes #2 - Statistics

General Stats
  • This quiz has been taken 116 times
  • The average score is 12 of 15
Answer Stats
Hint Answer % Correct
Maybe Treebeard's right. We don't belong here, Merry. It's too big for us Pippin
98%
I wonder if people will ever say, "Let's hear about Frodo and the Ring." And they'll say, "Yes! That's one of my favourite stories." Sam
98%
Are we to leave those poor Hobbits here......in this horrid, dark, dank tree-infested--? I mean, charming......quite charming forest. Gimli
89%
That is one of the Mearas......unless my eyes are cheated by some spell. Legolas
89%
Yes.........Yes.........The horn of Helm Hammerhand......shall sound in the Deep......one last time. Theoden
89%
...and we never say anything......unless it is worth taking......a long time to say. Treebeard
88%
You said this fortress would never fall while your men defend it. They still defend it. They have died defending it. Aragorn
84%
And I come back to you now......at the turn of the tide. Gandalf
84%
I can fight! Eowyn
80%
Orcs are roaming freely across our lands. Unchecked. Unchallenged. Killing at will. Eomer
79%
That is a lie. Saruman the White has ever been our friend and ally. Grima
75%
Who now has the strength to stand against the armies of Isengard......and Mordor? To stand against the might of Sauron and Saruman. Saruman
75%
The Ring will not save Gondor. It has only the power to destroy. Frodo
73%
Good luck trying to find something decent around here. Probably only dead rats and mouldy bread. Merry
60%
May death find you quickly if you bring them to harm Faramir
58%
No matching quizzes found
Score Distribution
Percent of People with Each Score
Percentile by Number Answered
Your Score History
You have not taken this quiz